Informes finales encuentros: universidad-sector productivo
I tiakina i:
| Kaituhi rangatōpū: | |
|---|---|
| Hōputu: | Pukapuka |
| Reo: | Pāniora |
| I whakaputaina: |
Arica
CINDA
1987
|
| Ngā marau: | |
| Ngā Tūtohu: |
Tāpirihia he Tūtohu
Kāore He Tūtohu, Me noho koe te mea tuatahi ki te tūtohu i tēnei pūkete!
|
MARC
| LEADER | 00000nam a2200000 a 4500 | ||
|---|---|---|---|
| 001 | UCX2017 | ||
| 003 | CL-VaPUC | ||
| 008 | 901220e19870000CL |||||||||||||||||spa|d | ||
| 082 | 0 | 4 | |a 370.193 |b CIN |2 21 |
| 110 | 2 | |a CINDA |e author |9 317787 | |
| 245 | 1 | 0 | |a Informes finales encuentros: universidad-sector productivo |
| 300 | |a 13 p | ||
| 942 | |c BK | ||
| 945 | |d 19901220 00:00:00 | ||
| 260 | |a Arica |b CINDA |c 1987 | ||
| 650 | 0 | |a Integración latinoamericana |9 307692 | |
| 583 | |a last modification |c 19901220 00:00:00 |k Rodrigo Vera | ||
| 999 | |c 223128 |d 223126 | ||
| 952 | |0 0 |1 0 |4 0 |6 370_193000000000000_CIN_1987 |7 0 |8 A |9 218629 |a BIBENE |b BIBENE |d 2019-11-15 |i 2874296 |o 370.193 CIN 1987 |p 2874296 |r 2025-01-15 |w 2019-11-15 |y BK |k ICO | ||